The Continuing Story of Bungalow Bill Lyrics - The Beatles - Statistics

General Stats
  • This quiz has been taken 28 times
  • The average score is 158 of 213
Answer Stats
Answer % Correct
Bill
100%
Bungalow
100%
Did
95%
He
95%
You
95%
Hey
90%
What
90%
Kill
85%
A
80%
The
80%
To
80%
His
70%
Gun
65%
In
65%
Of
65%
When
65%
All
60%
And
60%
With
60%
Him
55%
Out
55%
So
55%
Tiger
55%
Took
55%
Always
50%
Children
50%
Elephant
50%
Mum
50%
Sin
50%
Accidents
45%
By
45%
Case
45%
Not
45%
Was
45%
Hunting
40%
It
40%
Sing
40%
Where
40%
American
35%
Have
35%
He's
35%
If
35%
Looks
35%
Us
35%
Went
35%
Been
30%
Could
30%
Mother's
30%
Right
30%
Son
30%
Were
30%
Would
30%
Asked
25%
Between
25%
Butted
25%
Captain
25%
Deep
25%
Eyes
25%
Instead
25%
Jungle
25%
Lies
25%
Marvel
25%
Mighty
25%
Mummy
25%
Surprise
25%
Bullet-headed
20%
Elephants
20%
Fierce
20%
Saxon
20%
Taken
20%
Looked
15%
Zapped
15%
No matching quizzes found
Score Distribution
Percent of People with Each Score
Percentile by Number Answered
Your Score History
You have not taken this quiz